[Event "DVM U20 2022"]
[Site "Münster GER"]
[Date "2022.12.28"]
[Round "4"]
[White "Hofmann, Benjamin"]
[Black "Schulz, Jannis"]
[Result "0-1"]
[Termination "normal"]
[Board "4.5"]
[WhiteElo "1772"]
[BlackElo "1731"]
[WhiteClock "00:43:49"]
[BlackClock "00:41:25"]
[WhiteTeam "Schachgesellschaft Bochum 1931"]
[BlackTeam "Barnimer Schachfreunde im SV Stahl Finow e.V."]
[PlyCount "60"]
[WhiteFideId "16270266"]
[BlackFideId "16224710"]
[EventCountry "GER"]
[EventRounds "7"]
[EventType "team-swiss"]
[EventDate "2022.12.26"]

1. e4 {[%clk 01:30:58]} {[%emt 00:00:01]} c6 {[%clk 01:30:56]} {[%emt
00:00:05]} 2. d4 {[%clk 01:31:23]} {[%emt 00:00:05]} d5 {[%clk 01:31:22]}
{[%emt 00:00:04]} 3. exd5 {[%clk 01:31:42]} {[%emt 00:00:11]} cxd5 {[%clk
01:31:44]} {[%emt 00:00:08]} 4. Bd3 {[%clk 01:32:02]} {[%emt 00:00:10]} Nc6
{[%clk 01:31:52]} {[%emt 00:00:22]} 5. c3 {[%clk 01:32:22]} {[%emt 00:00:10]}
Nf6 {[%clk 01:32:08]} {[%emt 00:00:13]} 6. Nf3 {[%clk 01:31:45]} {[%emt
00:01:07]} Bg4 {[%clk 01:32:23]} {[%emt 00:00:15]} 7. Nbd2 {[%clk 01:30:21]}
{[%emt 00:01:55]} e6 {[%clk 01:32:22]} {[%emt 00:00:31]} 8. Qb3 {[%clk
01:29:42]} {[%emt 00:01:09]} Qc7 {[%clk 01:30:38]} {[%emt 00:02:14]} 9. O-O
{[%clk 01:28:00]} {[%emt 00:02:12]} Bd6 {[%clk 01:28:36]} {[%emt 00:02:32]} 10.
Re1 {[%clk 01:27:14]} {[%emt 00:01:16]} O-O {[%clk 01:28:47]} {[%emt 00:00:19]}
11. h3 {[%clk 01:27:14]} {[%emt 00:00:30]} Bh5 {[%clk 01:26:30]} {[%emt
00:02:47]} 12. Qc2 {[%clk 01:25:57]} {[%emt 00:01:46]} Rac8 {[%clk 01:25:51]}
{[%emt 00:01:10]} 13. a3 {[%clk 01:25:40]} {[%emt 00:00:47]} Rfe8 {[%clk
01:22:32]} {[%emt 00:03:48]} 14. Rb1 {[%clk 01:22:37]} {[%emt 00:03:33]} e5
{[%clk 01:15:36]} {[%emt 00:07:27]} 15. Bf5 {[%clk 01:13:48]} {[%emt 00:09:19]}
Rcd8 {[%clk 01:08:05]} {[%emt 00:08:00]} 16. dxe5 {[%clk 01:13:09]} {[%emt
00:01:09]} Nxe5 {[%clk 01:08:16]} {[%emt 00:00:18]} 17. Nd4 {[%clk 01:11:12]}
{[%emt 00:02:27]} a6 {[%clk 01:02:37]} {[%emt 00:06:10]} 18. Nf1 {[%clk
01:09:42]} {[%emt 00:02:00]} Bc5 {[%clk 00:57:36]} {[%emt 00:05:31]} 19. Bg5
{[%clk 01:07:08]} {[%emt 00:03:04]} Bg6 {[%clk 00:53:46]} {[%emt 00:04:20]} 20.
Nb3 {[%clk 01:04:14]} {[%emt 00:03:22]} Ba7 {[%clk 00:53:01]} {[%emt 00:01:16]}
21. Bxg6 {[%clk 01:00:49]} {[%emt 00:03:56]} hxg6 {[%clk 00:52:52]} {[%emt
00:00:39]} 22. Rbc1 {[%clk 00:55:26]} {[%emt 00:05:53]} Rc8 {[%clk 00:50:36]}
{[%emt 00:02:45]} 23. Bxf6 {[%clk 00:53:26]} {[%emt 00:02:31]} gxf6 {[%clk
00:50:51]} {[%emt 00:00:15]} 24. Ne3 {[%clk 00:49:06]} {[%emt 00:04:49]} Kg7
{[%clk 00:42:32]} {[%emt 00:08:50]} 25. Nxd5 {[%clk 00:45:13]} {[%emt
00:04:23]} Nf3 {[%clk 00:41:10]} {[%emt 00:01:52]} 26. Kf1 {[%clk 00:43:56]}
{[%emt 00:01:47]} Qh2 {[%clk 00:40:55]} {[%emt 00:00:45]} 27. Ne3 {[%clk
00:43:18]} {[%emt 00:01:09]} Qg1 {[%clk 00:40:44]} {[%emt 00:00:42]} 28. Ke2
{[%clk 00:43:26]} {[%emt 00:00:21]} Rxe3 {[%clk 00:41:03]} {[%emt 00:00:11]}
29. fxe3 {[%clk 00:43:27]} {[%emt 00:00:30]} Qxe3 {[%clk 00:41:25]} {[%emt
00:00:08]} 30. Kf1 {[%clk 00:43:49]} {[%emt 00:00:09]} Nh2# {[%emt 00:00:05]}
0-1

[Event "DVM U20 2022"]
[Site "Münster GER"]
[Date "2022.12.28"]
[Round "4"]
[White "Beyer, Clemens"]
[Black "Wichmann, Luc"]
[Result "1-0"]
[Termination "normal"]
[Board "4.6"]
[WhiteElo "1768"]
[BlackElo "1292"]
[WhiteClock "01:02:19"]
[BlackClock "01:14:02"]
[WhiteTeam "Barnimer Schachfreunde im SV Stahl Finow e.V."]
[BlackTeam "Schachgesellschaft Bochum 1931"]
[PlyCount "67"]
[WhiteFideId "16245407"]
[BlackFideId "16274539"]
[EventCountry "GER"]
[EventRounds "7"]
[EventType "team-swiss"]
[EventDate "2022.12.26"]

1. d4 {[%clk 01:30:56]} {[%emt 00:00:03]} c6 {[%clk 01:30:20]} {[%emt
00:00:40]} 2. Bf4 {[%clk 01:31:07]} {[%emt 00:00:20]} d5 {[%clk 01:29:54]}
{[%emt 00:00:55]} 3. c3 {[%clk 01:30:47]} {[%emt 00:00:50]} Bf5 {[%clk
01:28:52]} {[%emt 00:01:32]} 4. Nf3 {[%clk 01:30:03]} {[%emt 00:01:15]} Nd7
{[%clk 01:27:47]} {[%emt 00:01:34]} 5. e3 {[%clk 01:30:07]} {[%emt 00:00:26]}
e6 {[%clk 01:26:53]} {[%emt 00:01:24]} 6. Bd3 {[%clk 01:30:25]} {[%emt
00:00:12]} Bxd3 {[%clk 01:26:25]} {[%emt 00:00:57]} 7. Qxd3 {[%clk 01:30:49]}
{[%emt 00:00:07]} f5 {[%clk 01:26:52]} {[%emt 00:00:02]} 8. Nbd2 {[%clk
01:29:53]} {[%emt 00:01:26]} h6 {[%clk 01:27:00]} {[%emt 00:00:22]} 9. h4
{[%clk 01:28:07]} {[%emt 00:02:16]} Ngf6 {[%clk 01:26:18]} {[%emt 00:01:12]}
10. Ne5 {[%clk 01:27:30]} {[%emt 00:01:07]} Nxe5 {[%clk 01:25:19]} {[%emt
00:01:29]} 11. Bxe5 {[%clk 01:27:46]} {[%emt 00:00:15]} Bd6 {[%clk 01:25:39]}
{[%emt 00:00:09]} 12. Nf3 {[%clk 01:27:18]} {[%emt 00:00:58]} a6 {[%clk
01:23:41]} {[%emt 00:02:28]} 13. O-O-O {[%clk 01:23:11]} {[%emt 00:04:37]} Qc7
{[%clk 01:20:03]} {[%emt 00:04:08]} 14. Bxd6 {[%clk 01:19:30]} {[%emt
00:04:11]} Qxd6 {[%clk 01:20:23]} {[%emt 00:00:10]} 15. Ne5 {[%clk 01:19:56]}
{[%emt 00:00:04]} Nd7 {[%clk 01:20:21]} {[%emt 00:00:31]} 16. Ng6 {[%clk
01:18:48]} {[%emt 00:01:40]} Rg8 {[%clk 01:20:19]} {[%emt 00:00:31]} 17. f3
{[%clk 01:17:38]} {[%emt 00:01:41]} Qg3 {[%clk 01:19:31]} {[%emt 00:01:18]} 18.
Nf4 {[%clk 01:16:53]} {[%emt 00:01:15]} Kf7 {[%clk 01:19:07]} {[%emt 00:00:54]}
19. Rh3 {[%clk 01:16:56]} {[%emt 00:00:27]} Qf2 {[%clk 01:19:33]} {[%emt
00:00:03]} 20. Rf1 {[%clk 01:16:59]} {[%emt 00:00:28]} Qxf1 {[%clk 01:18:55]}
{[%emt 00:01:08]} 21. Qxf1 {[%clk 01:17:22]} {[%emt 00:00:07]} Nf6 {[%clk
01:18:45]} {[%emt 00:00:39]} 22. Nd3 {[%clk 01:17:01]} {[%emt 00:00:52]} Nd7
{[%clk 01:17:08]} {[%emt 00:02:06]} 23. h5 {[%clk 01:15:19]} {[%emt 00:02:13]}
Ke7 {[%clk 01:16:41]} {[%emt 00:00:57]} 24. Qe2 {[%clk 01:15:22]} {[%emt
00:00:27]} Rgf8 {[%clk 01:16:40]} {[%emt 00:00:32]} 25. Rg3 {[%clk 01:15:02]}
{[%emt 00:00:50]} Rf7 {[%clk 01:16:56]} {[%emt 00:00:13]} 26. c4 {[%clk
01:14:12]} {[%emt 00:01:21]} Rc8 {[%clk 01:17:09]} {[%emt 00:00:17]} 27. b3
{[%clk 01:11:48]} {[%emt 00:02:54]} b5 {[%clk 01:17:31]} {[%emt 00:00:09]} 28.
c5 {[%clk 01:09:59]} {[%emt 00:02:18]} Kf8 {[%clk 01:17:09]} {[%emt 00:00:52]}
29. Nf4 {[%clk 01:08:15]} {[%emt 00:02:14]} Re8 {[%clk 01:16:55]} {[%emt
00:00:44]} 30. Ng6 {[%clk 01:04:34]} {[%emt 00:04:11]} Kg8 {[%clk 01:15:21]}
{[%emt 00:02:04]} 31. Qd2 {[%clk 01:02:13]} {[%emt 00:02:52]} Nb8 {[%clk
01:14:19]} {[%emt 00:01:32]} 32. Ne5 {[%clk 01:02:20]} {[%emt 00:00:23]} Rc7
{[%clk 01:14:02]} {[%emt 00:00:47]} 33. e4 {[%clk 01:02:19]} {[%emt 00:00:31]}
Rf8 {[%emt 00:00:19]} 34. Qxh6 {[%emt 00:00:49]} 1-0

[Event "DVM U20 2022"]
[Site "Münster GER"]
[Date "2022.12.28"]
[Round "4"]
[White "Lohr, Maximilian"]
[Black "Koll, Linus"]
[Result "1-0"]
[Termination "normal"]
[Board "5.1"]
[WhiteElo "2133"]
[BlackElo "2058"]
[WhiteClock "00:36:36"]
[BlackClock "00:24:26"]
[WhiteTeam "FC Ergolding 1932 e.V."]
[BlackTeam "Karlsruher SF 1853"]
[PlyCount "59"]
[WhiteFideId "12999717"]
[BlackFideId "12990299"]
[EventCountry "GER"]
[EventRounds "7"]
[EventType "team-swiss"]
[EventDate "2022.12.26"]

1. e4 {[%clk 01:30:57]} {[%emt 00:00:01]} c5 {[%clk 01:30:56]} {[%emt
00:00:05]} 2. Nf3 {[%clk 01:31:21]} {[%emt 00:00:06]} d6 {[%clk 01:31:22]}
{[%emt 00:00:04]} 3. d4 {[%clk 01:31:44]} {[%emt 00:00:06]} cxd4 {[%clk
01:31:49]} {[%emt 00:00:04]} 4. Nxd4 {[%clk 01:32:09]} {[%emt 00:00:05]} Nf6
{[%clk 01:32:13]} {[%emt 00:00:07]} 5. Nc3 {[%clk 01:32:34]} {[%emt 00:00:04]}
g6 {[%clk 01:32:39]} {[%emt 00:00:05]} 6. Be3 {[%clk 01:32:38]} {[%emt
00:00:24]} Bg7 {[%clk 01:33:04]} {[%emt 00:00:06]} 7. f3 {[%clk 01:32:44]}
{[%emt 00:00:24]} O-O {[%clk 01:33:28]} {[%emt 00:00:06]} 8. Qd2 {[%clk
01:32:36]} {[%emt 00:00:37]} Nc6 {[%clk 01:33:52]} {[%emt 00:00:07]} 9. Bc4
{[%clk 01:32:35]} {[%emt 00:00:31]} Bd7 {[%clk 01:34:17]} {[%emt 00:00:06]} 10.
O-O-O {[%clk 01:32:39]} {[%emt 00:00:25]} Rc8 {[%clk 01:34:43]} {[%emt
00:00:05]} 11. Bb3 {[%clk 01:32:48]} {[%emt 00:00:20]} Nxd4 {[%clk 01:35:08]}
{[%emt 00:00:06]} 12. Bxd4 {[%clk 01:33:04]} {[%emt 00:00:13]} b5 {[%clk
01:35:33]} {[%emt 00:00:05]} 13. Nd5 {[%clk 01:33:10]} {[%emt 00:00:24]} Nxd5
{[%clk 01:35:55]} {[%emt 00:00:09]} 14. Bxg7 {[%clk 01:33:34]} {[%emt
00:00:05]} Kxg7 {[%clk 01:36:18]} {[%emt 00:00:07]} 15. exd5 {[%clk 01:33:56]}
{[%emt 00:00:07]} a5 {[%clk 01:36:35]} {[%emt 00:00:13]} 16. a3 {[%clk
01:34:11]} {[%emt 00:00:14]} Kg8 {[%clk 01:36:51]} {[%emt 00:00:15]} 17. h4
{[%clk 01:34:26]} {[%emt 00:00:14]} b4 {[%clk 01:37:16]} {[%emt 00:00:06]} 18.
a4 {[%clk 01:34:51]} {[%emt 00:00:05]} f6 {[%clk 01:06:15]} {[%emt 00:31:31]}
19. h5 {[%clk 00:56:39]} {[%emt 00:38:42]} g5 {[%clk 01:01:47]} {[%emt
00:04:58]} 20. f4 {[%clk 00:56:23]} {[%emt 00:00:45]} gxf4 {[%clk 00:59:41]}
{[%emt 00:02:37]} 21. Qxf4 {[%clk 00:56:09]} {[%emt 00:00:44]} Qe8 {[%clk
00:55:42]} {[%emt 00:04:29]} 22. Rd3 {[%clk 00:52:54]} {[%emt 00:03:44]} Kh8
{[%clk 00:47:10]} {[%emt 00:09:02]} 23. Rg3 {[%clk 00:51:10]} {[%emt 00:02:15]}
Rf7 {[%clk 00:39:40]} {[%emt 00:08:00]} 24. h6 {[%clk 00:43:47]} {[%emt
00:07:52]} Bxa4 {[%clk 00:26:22]} {[%emt 00:13:48]} 25. Bxa4 {[%clk 00:39:01]}
{[%emt 00:05:16]} Qxa4 {[%clk 00:25:57]} {[%emt 00:00:55]} 26. Qf5 {[%clk
00:39:25]} {[%emt 00:00:05]} Rg8 {[%clk 00:23:56]} {[%emt 00:02:32]} 27. Rxg8
{[%clk 00:38:09]} {[%emt 00:01:46]} Kxg8 {[%clk 00:24:21]} {[%emt 00:00:06]}
28. Qc8 {[%clk 00:36:01]} {[%emt 00:02:37]} Rf8 {[%clk 00:24:44]} {[%emt
00:00:07]} 29. Qe6 {[%clk 00:36:28]} {[%emt 00:00:03]} Rf7 {[%clk 00:24:26]}
{[%emt 00:00:48]} 30. Rh4 {[%clk 00:36:36]} {[%emt 00:00:20]} 1-0

[Event "DVM U20 2022"]
[Site "Münster GER"]
[Date "2022.12.28"]
[Round "4"]
[White "Wang, Xinyuan"]
[Black "Mooser, Nicolas"]
[Result "1/2-1/2"]
[Termination "normal"]
[Board "5.2"]
[WhiteElo "1835"]
[BlackElo "2095"]
[WhiteClock "00:04:20"]
[BlackClock "00:04:50"]
[WhiteTeam "Karlsruher SF 1853"]
[BlackTeam "FC Ergolding 1932 e.V."]
[PlyCount "125"]
[WhiteFideId "16221494"]
[BlackFideId "12979406"]
[EventCountry "GER"]
[EventRounds "7"]
[EventType "team-swiss"]
[EventDate "2022.12.26"]

1. d4 {[%clk 01:30:57]} {[%emt 00:00:02]} d5 {[%clk 01:30:54]} {[%emt
00:00:05]} 2. c4 {[%clk 01:31:25]} {[%emt 00:00:04]} e6 {[%clk 01:31:20]}
{[%emt 00:00:04]} 3. Nc3 {[%clk 01:31:51]} {[%emt 00:00:05]} c6 {[%clk
01:31:43]} {[%emt 00:00:06]} 4. Nf3 {[%clk 01:31:51]} {[%emt 00:00:30]} Nf6
{[%clk 01:32:05]} {[%emt 00:00:08]} 5. Bg5 {[%clk 01:31:35]} {[%emt 00:00:46]}
dxc4 {[%clk 01:32:19]} {[%emt 00:00:15]} 6. e4 {[%clk 01:30:37]} {[%emt
00:01:29]} b5 {[%clk 01:32:38]} {[%emt 00:00:11]} 7. e5 {[%clk 01:29:26]}
{[%emt 00:01:42]} h6 {[%clk 01:32:52]} {[%emt 00:00:15]} 8. Bh4 {[%clk
01:28:49]} {[%emt 00:01:07]} g5 {[%clk 01:33:10]} {[%emt 00:00:12]} 9. Nxg5
{[%clk 01:28:02]} {[%emt 00:01:16]} hxg5 {[%clk 01:32:51]} {[%emt 00:00:49]}
10. Bxg5 {[%clk 01:28:28]} {[%emt 00:00:05]} Nbd7 {[%clk 01:32:30]} {[%emt
00:00:50]} 11. Be2 {[%clk 00:56:23]} {[%emt 00:32:36]} Qb6 {[%clk 01:28:53]}
{[%emt 00:04:06]} 12. exf6 {[%clk 00:54:12]} {[%emt 00:02:43]} Bb7 {[%clk
01:28:19]} {[%emt 00:01:02]} 13. O-O {[%clk 00:51:45]} {[%emt 00:02:58]} O-O-O
{[%clk 01:27:56]} {[%emt 00:00:50]} 14. a4 {[%clk 00:37:51]} {[%emt 00:14:27]}
Bd6 {[%clk 01:17:03]} {[%emt 00:11:22]} 15. h4 {[%clk 00:30:59]} {[%emt
00:07:23]} Bb8 {[%clk 01:07:11]} {[%emt 00:10:22]} 16. axb5 {[%clk 00:26:32]}
{[%emt 00:04:57]} cxb5 {[%clk 01:07:26]} {[%emt 00:00:14]} 17. b3 {[%clk
00:20:47]} {[%emt 00:06:17]} b4 {[%clk 01:04:04]} {[%emt 00:03:51]} 18. Na2
{[%clk 00:18:14]} {[%emt 00:03:03]} c3 {[%clk 01:03:41]} {[%emt 00:00:52]} 19.
Bf3 {[%clk 00:10:43]} {[%emt 00:08:02]} Ne5 {[%clk 00:53:27]} {[%emt 00:10:43]}
20. Bxb7 {[%clk 00:07:13]} {[%emt 00:04:00]} Qxb7 {[%clk 00:52:10]} {[%emt
00:01:46]} 21. Nc1 {[%clk 00:03:30]} {[%emt 00:04:14]} Nc6 {[%clk 00:51:15]}
{[%emt 00:01:24]} 22. Ne2 {[%clk 00:02:24]} {[%emt 00:01:36]} Be5 {[%clk
00:46:52]} {[%emt 00:04:52]} 23. Qd3 {[%clk 00:02:00]} {[%emt 00:00:55]} Bxd4
{[%clk 00:46:11]} {[%emt 00:01:10]} 24. Qc4 {[%clk 00:01:58]} {[%emt 00:00:34]}
Bb6 {[%clk 00:41:46]} {[%emt 00:04:54]} 25. Ra6 {[%clk 00:01:05]} {[%emt
00:01:23]} Rd5 {[%clk 00:32:59]} {[%emt 00:09:17]} 26. Rfa1 {[%clk 00:00:43]}
{[%emt 00:00:53]} Rc5 {[%clk 00:31:46]} {[%emt 00:01:42]} 27. Qg4 {[%clk
00:00:41]} {[%emt 00:00:32]} Na5 {[%clk 00:28:35]} {[%emt 00:03:41]} 28. R6xa5
{[%clk 00:00:48]} {[%emt 00:00:23]} Bxa5 {[%clk 00:28:36]} {[%emt 00:00:28]}
29. Be3 {[%clk 00:00:57]} {[%emt 00:00:22]} Rd5 {[%clk 00:28:15]} {[%emt
00:00:51]} 30. Qc4 {[%clk 00:00:49]} {[%emt 00:00:39]} Kb8 {[%clk 00:27:44]}
{[%emt 00:01:01]} 31. Qf4 {[%clk 00:00:45]} {[%emt 00:00:33]} Bc7 {[%clk
00:26:58]} {[%emt 00:01:16]} 32. Qg4 {[%clk 00:00:34]} {[%emt 00:00:42]} a5
{[%clk 00:26:10]} {[%emt 00:01:17]} 33. g3 {[%clk 00:00:31]} {[%emt 00:00:33]}
Rhd8 {[%clk 00:26:05]} {[%emt 00:00:35]} 34. Nd4 {[%clk 00:00:53]} {[%emt
00:00:08]} Be5 {[%clk 00:25:23]} {[%emt 00:01:12]} 35. Nc2 {[%clk 00:01:14]}
{[%emt 00:00:11]} Bxf6 {[%clk 00:22:56]} {[%emt 00:02:56]} 36. Bf4 {[%clk
00:00:45]} {[%emt 00:01:00]} Kc8 {[%clk 00:23:07]} {[%emt 00:00:18]} 37. Qe2
{[%clk 00:01:01]} {[%emt 00:00:13]} Qb5 {[%clk 00:23:09]} {[%emt 00:00:28]} 38.
Qf3 {[%clk 00:01:05]} {[%emt 00:00:27]} Qd3 {[%clk 00:18:06]} {[%emt 00:05:32]}
39. Ne3 {[%clk 00:01:27]} {[%emt 00:00:08]} c2 {[%clk 00:08:20]} {[%emt
00:10:16]} 40. Rc1 {[%clk 00:01:38]} {[%emt 00:00:19]} Qxb3 {[%clk 00:06:45]}
{[%emt 00:02:04]} 41. Rxc2 {[%clk 00:29:02]} {[%emt 00:03:07]} Bc3 {[%clk
00:36:43]} {[%emt 00:00:30]} 42. Bg5 {[%clk 00:26:40]} {[%emt 00:02:53]} R8d7
{[%clk 00:29:41]} {[%emt 00:07:32]} 43. Nxd5 {[%clk 00:19:08]} {[%emt
00:08:02]} Qxd5 {[%clk 00:26:46]} {[%emt 00:03:25]} 44. Rxc3 {[%clk 00:19:27]}
{[%emt 00:00:11]} bxc3 {[%clk 00:26:55]} {[%emt 00:00:20]} 45. Qxc3 {[%clk
00:19:52]} {[%emt 00:00:06]} Rc7 {[%clk 00:24:59]} {[%emt 00:02:26]} 46. Qh8
{[%clk 00:18:47]} {[%emt 00:01:35]} Kb7 {[%clk 00:24:53]} {[%emt 00:00:36]} 47.
Qb2 {[%clk 00:18:23]} {[%emt 00:00:55]} Ka6 {[%clk 00:23:48]} {[%emt 00:01:34]}
48. Qe2 {[%clk 00:14:03]} {[%emt 00:04:50]} Qb5 {[%clk 00:18:17]} {[%emt
00:06:01]} 49. Qxb5 {[%clk 00:06:50]} {[%emt 00:07:44]} Kxb5 {[%clk 00:18:33]}
{[%emt 00:00:14]} 50. Bf6 {[%clk 00:07:15]} {[%emt 00:00:05]} Rc5 {[%clk
00:15:14]} {[%emt 00:03:49]} 51. g4 {[%clk 00:06:31]} {[%emt 00:01:15]} a4
{[%clk 00:05:33]} {[%emt 00:10:11]} 52. h5 {[%clk 00:06:46]} {[%emt 00:00:15]}
a3 {[%clk 00:05:57]} {[%emt 00:00:06]} 53. h6 {[%clk 00:07:08]} {[%emt
00:00:08]} a2 {[%clk 00:06:12]} {[%emt 00:00:14]} 54. h7 {[%clk 00:07:21]}
{[%emt 00:00:18]} e5 {[%clk 00:06:35]} {[%emt 00:00:07]} 55. h8=Q {[%clk
00:07:16]} {[%emt 00:00:35]} a1=Q {[%clk 00:06:52]} {[%emt 00:00:12]} 56. Kh2
{[%clk 00:07:05]} {[%emt 00:00:40]} Qd4 {[%clk 00:07:01]} {[%emt 00:00:22]} 57.
Qe8 {[%clk 00:04:46]} {[%emt 00:02:50]} Kb4 {[%clk 00:06:56]} {[%emt 00:00:35]}
58. Be7 {[%clk 00:03:54]} {[%emt 00:01:22]} Qxf2 {[%clk 00:07:04]} {[%emt
00:00:22]} 59. Kh3 {[%clk 00:04:19]} {[%emt 00:00:04]} Qe3 {[%clk 00:05:52]}
{[%emt 00:01:42]} 60. Kh4 {[%clk 00:03:57]} {[%emt 00:00:54]} Qe1 {[%clk
00:05:38]} {[%emt 00:00:43]} 61. Kh5 {[%clk 00:03:59]} {[%emt 00:00:28]} Qh1
{[%clk 00:05:01]} {[%emt 00:01:06]} 62. Kg5 {[%clk 00:04:17]} {[%emt 00:00:13]}
Qc1 {[%clk 00:04:50]} {[%emt 00:00:40]} 63. Kh4 {[%clk 00:04:20]} {[%emt
00:00:28]} 1/2-1/2

[Event "DVM U20 2022"]
[Site "Münster GER"]
[Date "2022.12.28"]
[Round "4"]
[White "Lichtmannecker, Daniel"]
[Black "Fischer, Darja"]
[Result "1-0"]
[Termination "normal"]
[Board "5.3"]
[WhiteElo "2106"]
[BlackElo "1762"]
[WhiteClock "00:27:15"]
[BlackClock "00:32:49"]
[WhiteTeam "FC Ergolding 1932 e.V."]
[BlackTeam "Karlsruher SF 1853"]
[PlyCount "53"]
[WhiteFideId "12979414"]
[BlackFideId "16240898"]
[EventCountry "GER"]
[EventRounds "7"]
[EventType "team-swiss"]
[EventDate "2022.12.26"]

1. e4 {[%clk 01:30:45]} {[%emt 00:00:14]} c5 {[%clk 01:30:55]} {[%emt
00:00:05]} 2. Nf3 {[%clk 01:31:04]} {[%emt 00:00:11]} a6 {[%clk 01:31:16]}
{[%emt 00:00:08]} 3. c4 {[%clk 01:31:21]} {[%emt 00:00:13]} e6 {[%clk
01:31:28]} {[%emt 00:00:18]} 4. Nc3 {[%clk 01:31:15]} {[%emt 00:00:36]} d6
{[%clk 01:31:14]} {[%emt 00:00:44]} 5. d4 {[%clk 01:30:33]} {[%emt 00:01:12]}
cxd4 {[%clk 01:30:48]} {[%emt 00:00:57]} 6. Nxd4 {[%clk 01:30:50]} {[%emt
00:00:13]} g6 {[%clk 01:30:18]} {[%emt 00:01:01]} 7. Be3 {[%clk 01:27:56]}
{[%emt 00:03:23]} Bg7 {[%clk 01:30:30]} {[%emt 00:00:19]} 8. Be2 {[%clk
01:26:55]} {[%emt 00:01:31]} Ne7 {[%clk 01:30:42]} {[%emt 00:00:17]} 9. h4
{[%clk 01:21:54]} {[%emt 00:05:32]} h5 {[%clk 01:27:05]} {[%emt 00:04:08]} 10.
Qd2 {[%clk 01:17:13]} {[%emt 00:05:11]} Nbc6 {[%clk 01:18:38]} {[%emt
00:08:57]} 11. Rd1 {[%clk 01:14:44]} {[%emt 00:02:58]} d5 {[%clk 01:12:24]}
{[%emt 00:06:45]} 12. cxd5 {[%clk 01:09:12]} {[%emt 00:06:01]} exd5 {[%clk
01:12:41]} {[%emt 00:00:13]} 13. exd5 {[%clk 01:08:43]} {[%emt 00:00:58]} Ne5
{[%clk 01:06:13]} {[%emt 00:06:58]} 14. Nf3 {[%clk 01:02:57]} {[%emt 00:06:16]}
Bd7 {[%clk 00:54:09]} {[%emt 00:12:35]} 15. Bg5 {[%clk 00:57:48]} {[%emt
00:05:38]} Nxf3 {[%clk 00:50:03]} {[%emt 00:04:37]} 16. Bxf3 {[%clk 00:57:28]}
{[%emt 00:00:49]} f6 {[%clk 00:50:02]} {[%emt 00:00:31]} 17. Bf4 {[%clk
00:55:24]} {[%emt 00:02:34]} O-O {[%clk 00:49:25]} {[%emt 00:01:08]} 18. O-O
{[%clk 00:50:57]} {[%emt 00:04:56]} Qc8 {[%clk 00:44:54]} {[%emt 00:05:00]} 19.
d6 {[%clk 00:42:11]} {[%emt 00:09:17]} Nf5 {[%clk 00:42:46]} {[%emt 00:02:38]}
20. Nd5 {[%clk 00:41:45]} {[%emt 00:00:55]} Qd8 {[%clk 00:40:05]} {[%emt
00:03:10]} 21. Nc7 {[%clk 00:40:47]} {[%emt 00:01:29]} Rb8 {[%clk 00:39:41]}
{[%emt 00:00:54]} 22. Bxb7 {[%clk 00:37:53]} {[%emt 00:03:24]} Kh7 {[%clk
00:38:29]} {[%emt 00:01:42]} 23. Bxa6 {[%clk 00:36:21]} {[%emt 00:02:02]} Nxh4
{[%clk 00:38:27]} {[%emt 00:00:33]} 24. Bc4 {[%clk 00:33:33]} {[%emt 00:03:17]}
Bh3 {[%clk 00:35:10]} {[%emt 00:03:46]} 25. Bd5 {[%clk 00:32:11]} {[%emt
00:01:52]} Bd7 {[%clk 00:32:57]} {[%emt 00:02:43]} 26. Rfe1 {[%clk 00:30:37]}
{[%emt 00:02:05]} Nf5 {[%clk 00:32:49]} {[%emt 00:00:38]} 27. b3 {[%clk
00:27:15]} {[%emt 00:03:52]} 1-0